000 00400nam a2200157Ia 4500
008 230917s9999||||xx |||||||||||||| ||und||
040 _e194407
_aMAIN
041 _aEnglish
082 _a338.4791 S82S(2)
100 _aMoutinho, Luiz, ed.
245 0 _aStrategic management in tourism
250 _a2nd ed.
260 _aCambridge
_bCAB International
_c2011
300 _ax, 313 p.
942 _cBK
999 _c159346
_d159346